00501 2200193 4500245007000000020001800070250001100088100002100099700002100120700001800141650001700159005001900176260003100195041001400226084001300240300003400253336000900287338001100296 aLoves Me , Loves Me Not , Loves Me Vol. 2cTsukishima, haruhText a9786022108429 aCet. 1 aTsukishima, haru aEka Dewi Pratiwi aLidwina Leung aKomik Jepang a20230206131211 aJakartabPT Gramediac2012 aIndonesia a741.5592 a... jil. :bilus. ;c17,5 cm. atext avolume